Argentine 2022 - Statistiques

Statistiques générales
  • Ce quiz a été pris 23 fois
  • Le résultat moyen est 18 sur 26
Statistiques - réponses
Par images Réponse % Correct
Emiliano Martínez
100%
Lautaro Martínez
100%
Lionel Messi
100%
Alexis Mac Allister
95%
Ángel Di María
95%
Enzo Fernández
95%
Julián Álvarez
95%
Paulo Dybala
95%
Rodrigo De Paul
95%
Leandro Paredes
91%
Nicolás Otamendi
91%
Nicolás Tagliafico
86%
Gerónimo Rulli
77%
Lisandro Martínez
77%
Cristian Romero
73%
Papu Gómez
73%
Marcos Acuña
68%
Angel Correa
59%
Thiago Almada
59%
Gonzalo Montiel
45%
Juan Foyth
45%
Nahuel Molina
36%
Franco Armani
32%
Guido Rodríguez
23%
Germán Pezzella
18%
Exequiel Palacios
14%
Aucun quiz correspondant
Distribution des résultats
% des personnes avec chaque résultat
Percentile par nombre de réponses
Votre historique - résultats
Vous n’avez pas pris ce quiz